000 01411nam a2200301 c 4500
999 _c122813
_d122813
003 BLK
005 20220601144519.0
008 180409b bul|||||r ||||||| ||bul||
010 _aKNG00128460000
040 _aBLK
041 _aBUL
_cBUL
080 _aБългарска литература
_b821.163.2
_x-31
_z821.163.2-31
100 1 _aАнтонов-Тонич, Антон
_eпърви автор
_gАнтонов, Антон Константинов
_9265826
139 _aАнтонов-Тонич, Антон
_bА 75
245 1 0 _aКрасна поляна
_bРоман
_cАнтон Антонов-Тонич; * Антон Константинов Антонов.
250 _a2. прераб. и доп. изд.
257 _aBGR
260 _aСофия
_bМедицина и физкултура
_c1966
300 _a416 с.
_bс ил.
_c25 см
380 _aX
500 _a1. изд. 1956 изд. на Държ. изд. за физкулт. и спортно-техн. лит. - Пълното име на авт. Антон Константинов Антонов. - 12 078 тир.
700 1 _aАнтонов, Антон Константинов
_e*
_9376977
852 _aЦб 38158
856 4 _qpdf
856 4 _qpdf
942 _cKNG
_n0
_s1
944 _aCR
_c07.03.2012
_l07.03.2012 - от С1,Р / 07.03.2012
_kНаталия_Медовщикова
944 _aED
_c2022-06-01
_kХристина Везирева
999 _d122813